[Event "Makienko Memorial"]
[Site "Rostov on Don"]
[Date "2007.??.??"]
[Round "2"]
[White "Berkutov, Dmitry"]
[Black "Petrova, Olga"]
[Result "0-1"]
[WhiteElo "1866"]
[BlackElo "2040"]
[PlyCount "104"]
[EventDate "2007.03.26"]
[EventType "swiss"]
[EventRounds "9"]
[EventCountry "RUS"]
[SourceTitle "EXT 2022"]
[Source "ChessBase"]
[SourceDate "2021.10.06"]
[SourceVersion "1"]
[SourceVersionDate "2021.10.06"]
[SourceQuality "1"]

1. e4 d5 2. exd5 Qxd5 3. Nc3 Qd6 4. d4 Nf6 5. Nf3 Bg4 6. Be3 c6 7. h3 Bxf3 8. Qxf3 Nbd7 9. 0-0-0 e6 10. g4 Be7 11. Bg2 Nb6 12. g5 Nfd5 13. Ne4 Qd8 14. h4 Nc4 15. Bf1 b5 16. c3 Qa5 17. Kb1 Rb8 18. h5 Rb6 19. g6 f5 20. Nc5 Bxc5 21. dxc5 Nxb2 22. cxb6 Nxd1 23. Bd4 N1xc3+ 24. Bxc3 Nxc3+ 25. Kc1 Qa3+ 26. Kc2 Qxa2+ 27. Kd3 Qd5+ 28. Qxd5 Nxd5 29. bxa7 0-0 30. gxh7+ Kxh7 31. Be2 Ra8 32. Ra1 e5 33. Kc2 Nb6 34. Ra6 Nc8 35. Rxc6 Nxa7 36. Rc5 Rc8 37. Rxc8 Nxc8 38. Bxb5 Kh6 39. Be8 Nd6 40. Bg6 Kg5 41. Kd2 Ne4+ 42. Ke3 Nf6 43. f3 Nxh5 44. Be8 Nf6 45. Bf7 e4 46. fxe4 Nxe4 47. Bd5 Nc3 48. Bf3 Kf6 49. Kd3 Nb5 50. Kc4 Nd6+ 51. Kd5 Nf7 52. Be2 g5 0-1